000 00623nam a2200181Ia 4500
003 GCL
008 140319s9999 xx 000 0 ara d
040 _aGCL /
_cGCL
082 0 4 _a813.085
_bف ح
100 1 _aفاطمة عبدالله محمود
245 1 0 _aحكايات حب وبطولات فرعونية /
_cفاطمة عبدالله محمود
700 1 _aفانويك، فيولين
260 _aالقاهرة :
_bالمجلس الاعلى للثقافة ،
_c2004
300 _a295 ص ؛
_c24 سم
650 0 4 _aالقصص العاطفية
650 0 4 _aالفراعنة - اساطير
942 _2ddc
_cBK
999 _c57125
_d57125